000 00960nam0a22002411i 4500
001 rc\684158
005 20240723212955.0
035 _a(NLR Aleph) 005921295
090 _a6480034
_c6480034
100 _a20031121d1985 u |0rusy50 ca
101 0 _arus
102 _aRU
105 _ay |||||||||
200 1 _aЭкономико-математическое моделирование планирования народного образования
_e(На прим. УзССР)
_eАвтореф. дис. на соиск. учен. степ. канд. экон. наук
_e(08.00.13)
210 _aТашкент
_d1985
215 _a19 с.
300 _aВ надзаг.: АН УзССР, Узб. науч.-произв. об-ние "Кибернетика"
320 _aБиблиогр.: с. 19 (5 назв.)
700 1 _aБакиев
_bЧ.
_gЧори
801 0 _aRU
_bNLR
_gpsbo
801 1 _aRU
_bELAR
_2rusmarc
852 _aNLR
_j86-4/27107
942 _cBOOK